000 01096nam a22003497a 4500
001 BR2022000417
003 BR-BrBNA
005 20230928105642.0
007 ta
008 230509b bl.||||| |||| 00| 0 por d
020 _a978-85-60548-82-8
040 _aBR-BrBNA
_bpor
_cBiblioteca Nacional de Agricultura
041 _a(Eng)
072 _aS40; E10; E50
090 _ S40 BR2022000417
100 1 _aSilva, J.G. da (org.)
100 1 _aGrossi, M.E. Del (org.)
100 1 _aFrança, C.G. de (org.)
110 1 _aMinistry of Agrarian Development, Brasília, DF (Brasil)
_97180
245 1 _aThe Fome Zero (Zero Hunger)Program: the brazilian experience
_bNEAD Special Séries 13
260 3 _aBrasília, DF (Brasil):
_c2010.
300 _a360 p.
500 _aIncludes several bibliographies; 9 illus.; 15 tables; 8 graphs
650 _aFOME ZERO
650 _aNUTRIÇÃO HUMANA
650 _aPROGRAMA DE NUTRIÇÃO
650 _aSEGURANÇA ALIMENTAR
650 _aABASTECIMENTO
650 _aPOLÍTICAS PÚBLICAS
909 _a202309
_bLucia
_c55
_dLucia Elande
942 _cBK
999 _c86047
_d86047